Developing Countries, (Record no. 6319)

MARC details
005 - DATE AND TIME OF LATEST TRANSACTION
control field 20250629122641.0
020 ## - INTERNATIONAL STANDARD BOOK NUMBER
International Standard Book Number 0-8213-5464-7
082 ## - DEWEY DECIMAL CLASSIFICATION NUMBER
Classification number 332'.041'091 SUB.
111 ## - MAIN ENTRY--MEETING NAME
Meeting name or jurisdiction name as entry element SUBNATIONAL CAPITAL MARKETS.
245 ## - TITLE STATEMENT
Title Developing Countries,
260 ## - PUBLICATION, DISTRIBUTION, ETC.
Place of publication, distribution, etc. New York,
Name of publisher, distributor, etc. Oxford University Press,
Date of publication, distribution, etc. 2004.
300 ## - PHYSICAL DESCRIPTION
Extent xxix.; 586p.
Other physical details Appendix,
Dimensions 22cm.
700 ## - ADDED ENTRY--PERSONAL NAME
Other authors/Editors PETERSEN, J.
942 ## - ADDED ENTRY ELEMENTS (KOHA)
Source of classification or shelving scheme Dewey Decimal Classification
Koha item type Books
Holdings
Date last seen Total checkouts Full call number Barcode Cost, replacement price Price effective from Koha item type Lost status Source of classification or shelving scheme Damaged status Not for loan Withdrawn status Home library Current library Shelving location Date acquired Cost, normal purchase price
06/29/2025   332.041.'091724SUB DOM0003959 150000.00 06/29/2025 Books   Dewey Decimal Classification       CBE Dodoma CBE Dodoma General Collection 06/29/2000 50000.00